Introduction to microprocessor (Record no. 3420)

MARC details
000 -LEADER
fixed length control field 00341nam a2200145Ia 4500
008 - FIXED-LENGTH DATA ELEMENTS--GENERAL INFORMATION
fixed length control field 230312s9999||||xx |||||||||||||| ||und||
020 ## - INTERNATIONAL STANDARD BOOK NUMBER
International Standard Book Number 8189411993
082 ## - DEWEY DECIMAL CLASSIFICATION NUMBER
Classification number 004.16
Item number GOD-I
100 ## - MAIN ENTRY--PERSONAL NAME
Personal name Godse, A.P.
245 #0 - TITLE STATEMENT
Title Introduction to microprocessor
260 ## - PUBLICATION, DISTRIBUTION, ETC.
Name of publisher, distributor, etc. Technical
Place of publication, distribution, etc. Pune
Date of publication, distribution, etc. 2007
546 ## - LANGUAGE NOTE
Language note Eng.
650 ## - SUBJECT ADDED ENTRY--TOPICAL TERM
Topical term or geographic name entry element Computer
942 ## - ADDED ENTRY ELEMENTS (KOHA)
Koha item type BOOK
Holdings
Withdrawn status Lost status Damaged status Not for loan Home library Current library Date acquired Total Checkouts Full call number Barcode Date last seen Price effective from Koha item type
        Superior Information Resource Center (SIRC) Superior University- Main Campus Superior Information Resource Center (SIRC) Superior University- Main Campus 03/13/2023   004.16 GOD-I 3434 03/13/2023 03/13/2023 BOOK

Powered by Koha